Az influenszer marketing hatása a fogyasztói döntéshozatalra
| Szerző: | |
|---|---|
| További közreműködők: | |
| Dokumentumtípus: | Projektmunka |
| Kulcsszavak: | influencermarketing közösségi média marketing online marketing szponzorálás vásárlói magatartás |
| Online Access: | http://dolgozattar.uni-bge.hu/58974 |
MARC
| LEADER | 00000nnm a2200000 i 4500 | ||
|---|---|---|---|
| 001 | dolg58974 | ||
| 005 | 20251027142724.0 | ||
| 008 | 251027suuuu hu o 000 hun d | ||
| 040 | |a BGE Dolgozattár Repozitórium |b hun | ||
| 041 | |a hu | ||
| 100 | 1 | |a Zsiga Zsanett | |
| 245 | 1 | 3 | |a Az influenszer marketing hatása a fogyasztói döntéshozatalra |c Zsiga Zsanett |h [elektronikus dokumentum] |
| 516 | |a Project_work | ||
| 520 | 3 | |a A dolgozatom célja az influenszer marketing hatása a fogyasztói döntéshozatalra gyakorolt hatásának vizsgálata volt. Ma már a social média és az influenszerek szerves része az emberek életének, ezért gondoltam hogy, ez egy tökéletes téma lesz, hiszen sok naprakész információhoz tudtam hozzájutni. Készítettem egy szakirodalmi áttekintést ahol kutattam az influenszer szó eredetéről, az influenszer marketing kulcsáról illetve a véleményvezérek típusairól és veszélyeiről.A kvantitatív kutatásomat kérdőíves formában tettem közzé a közösségi média platformjaimon és 104 kitöltőt szereztem. Kitértem többek között a kedvelt tartalomgyártó típusokra és, hogy milyen szinten tartják hitelesnek őket a kitöltők és persze arra,hogy vásároltak-e már influenszerek hatására bármilyen terméket vagy szolgáltatást.A záródolgozatom rá világít arra, hogy az influenszer marketing lehet nagyon hasznos eszköz, a márkaismeretég és eladások növelésére, viszont nem feltétlenül helyettesíti a hagyományos reklámokat ugyanis az emberek hitelesebbnek tartják azokat. Emellett sok veszélyt is hordozhat magával amiket fogyasztói tudatossággal próbálhatnak ki szűrni az emberek. | |
| 695 | |a influencermarketing | ||
| 695 | |a közösségi média | ||
| 695 | |a marketing | ||
| 695 | |a online marketing | ||
| 695 | |a szponzorálás | ||
| 695 | |a vásárlói magatartás | ||
| 700 | 1 | |a Szabó Bálint |e ths | |
| 856 | 4 | 0 | |u http://dolgozattar.uni-bge.hu/58974/1/Z%C3%A1r%C3%B3dolgozat.pdf |z Dokumentum-elérés |
| 856 | 4 | 0 | |u http://dolgozattar.uni-bge.hu/58974/2/Zsiga_Zsanett_biralat.pdf |z Dokumentum-elérés |